000 00856cab a2200229 4500
001 WB2637-12
008 090401t1990 xxu||||| |||| 00| 0 eng d
035 _a(Sirsi) u65610
041 _aeng
245 _aSingle code for housebuilders
260 _c1990
350 _a0
490 _aChartered Surveyor Weekly
_vvol 32 no 11 20/9/90 p86
520 _aIn its evidence to the Monopolies and Mergers Commission `s inquiry on structural warranty services in relation to new homes , the RICS has advocated that a single register of housebuilders ; to be prepared and operated jointly by the NHBC and Municipal Mutual Insurance , would be in the public interest.
650 _aBUILDMARK
650 _aFOUNDATION 15
650 _aSTRUCTURAL WARRANTIES
650 _aWARRANTIES
690 _aBUILT ENVIRONMENT
942 _n0
948 _c04/03/1997
999 _c40929
_d40929